| 000 | 01121nam a2200277 i 4500 | ||
|---|---|---|---|
| 001 | 182504 | ||
| 003 | ES-MaACL | ||
| 005 | 20250511114244.0 | ||
| 008 | 130910s1981 sp |||| | spa d | ||
| 020 | _a84-7481-139-2 | ||
| 080 | _a821.134.2 León, Luis de .06(063) | ||
| 111 | 2 |
_aAcademia Literaria Renacentista ( _n1ª. _d1979. _cSalamanca) _9153372 |
|
| 245 | 1 | 0 |
_aFray Luis de León _b: [Actas de la I. Academia: Salamanca 10-12 de diciembre 1979] / _cedición dirigida por Víctor García de la Concha. |
| 260 |
_aSalamanca : _bUniversidad, _c1981. |
||
| 300 |
_a272 p. ; _c24 cm. |
||
| 490 | 1 |
_aCursos extraordinarios ; _v3 |
|
| 500 | _aPrecede al tít.: Academia Literaria Renacentista. | ||
| 500 | _aIndice. | ||
| 600 | 1 | 4 |
_aLeón, Luis de, _d1527-1591 _971583 |
| 700 | 1 |
_aGarcía de la Concha, Víctor, _d1934- _954440 |
|
| 830 | 0 |
_aCursos extraordinarios ; _v3 _9224839 |
|
| 852 |
_aES-MaACL _jA-12888 _9189416 _bR.149780 _cDEPO1 _dOlim: N-5888 _xDonación: Real Academia Española |
||
| 914 |
_96336 _aReal Academia Española _ednr |
||
| 942 |
_2udc _cMONOGRAFIA |
||
| 999 |
_c182504 _d182504 |
||